000 01597cad a2200301 4500
001 L158416
008 100215n2014 000 0 eng u
035 _a(Sirsi) u158416
041 _aeng
110 2 _aRoyal Institution of Chartered Surveyors
_94900
245 0 0 _aHow can Building Information Modelling (BIM) support the New Rules of Measurement (NRM1)
_h[electronic resource]
260 _aLondon
_bRICS
_c2014
490 0 _aRICS Research
520 _aInvestigates the required information from a BIM model to support the RICS?s New Rule of Measurement order of cost estimating and elemental cost planning, (NRM1). It provides overall guidance for the quantity surveyors on the types of measurements a BIM model can generate, and the ways of utilising the quantity information in a BIM model. The report reviews the four most well-known software tools in the UK market, namely, Solibri model checker, Autodesk QTO, CostX and Causeway BIM measure, based on a set of criteria which is relevant to the NRM1 cost estimating and cost planning exercise.
650 2 4 _aNEW RULES OF MEASUREMENT 1
650 2 4 _aCOST PLANNING
650 2 4 _aCOST ESTIMATING
651 4 _aUnited Kingdom
690 _aBIM
_96219
690 _aQuantity surveying
_96263
700 1 _aWu, Song
700 1 _aGinige, Kanchana
700 1 _aWood, Gerard
700 1 _aJong, Siaw Wee
710 1 _aUniversity of Salford
_93465
856 4 8 _uhttps://www.propertyresearchtrust.org/uploads/1/3/4/8/134819607/bim_new_rules_of_measurement_1.pdf
_zAvailable from the Property Research Trust
942 _n0
_2ddc
999 _c115295
_d115295